Vista normal Vista MARC

Entrada Términos de género/forma

Número de registros utilizados en: 1

001 - NÚMERO DE CONTROL

  • campo de control: 3243

003 - IDENTIFICADOR DEL NÚMERO DE CONTROL

  • campo de control: OSt

005 - FECHA Y HORA DE LA ÚLTIMA TRANSACCIÓN

  • campo de control: 20210603113049.0

008 - DATOS DE LONGITUD FIJA

  • campo de control de longitud fija: 210603|| aca||babn | a|a d

040 ## - FUENTE DE LA CATALOGACIÓN

  • Centro catalogador/agencia de origen: OSt

155 ## - ENCABEZAMIENTO--TÉRMINO DE GÉNERO/FORMA

  • Término de género/forma: Atlas del mundo
Centro de Documentación CAAAP | AV. Manuel González Prada 626, Magdalena del Mar | (51-1) 4615223 Anexo 205 y 209 | cendoc@caaap.org.pe